| 000 | 00702nam a2200253Ia 4500 | ||
|---|---|---|---|
| 003 | OSt | ||
| 005 | 20221006144805.0 | ||
| 006 | a|||||r|||| 00| 0 | ||
| 007 | ta | ||
| 008 | 221006b |||||||| |||| 00| 0 kor d | ||
| 024 | _a12,741 | ||
| 037 |
_bGift, Korea Foundation _cTextual |
||
| 040 |
_aEASL _cEASL _bkor |
||
| 041 |
_2kor _akor |
||
| 082 | _aV495.D, 495N9 | ||
| 100 |
_aLEE Ki Dong Au. _9652884 |
||
| 245 | 0 | _aBekjesa Yongu | |
| 260 |
_aSeoul _bIljogak Korea _c1999 |
||
| 300 |
_a302p. _ccm. |
||
| 490 | _v KL | ||
| 650 |
_aAncient Korean history _9652885 |
||
| 942 |
_hV495.D, 495N9 _cTEXL _2CC |
||
| 999 |
_c1080827 _d1080827 |
||